000 00551nmc a2200229 a 4500
003 AR-BaBNM
005 20251128205700.0
008 228019s1997 ||||||||||||||000 | spa||
020 _a950-863-263-2
040 _cAR-BaBNM
100 1 _aUre, María Inés
245 1 0 _aEcuaciones
260 _aBuenos Aires
_bVinciguerra
_c1997
300 0 _a89 p.
490 0 _aColección Metáfora
650 4 _aLITERATURA ARGENTINA
650 4 _aLITERATURA CONTEMPORANEA
650 4 _aPOESIA
655 _aLITERATURA
942 _cBK
998 _cMARTIN
999 _c12381
_d12381